000 00318nam a2200121Ia 4500
008 220216s9999 xx 000 0 und d
100 _aChandrasekera L B
245 0 _aPerformance of clones
260 _bRubber Research Institute of Ceylon Bulletin
_c1968
300 _a17-19
650 _aRubber clones
942 _cJS
999 _c64711
_d64711